[Event "Mazowiec-chT"]
[Site "Mazowsze"]
[Date "2009.05.17"]
[Round "10"]
[White "Bartel, Michal"]
[Black "Smoczynski, Marcin"]
[Result "1-0"]
[WhiteElo "2237"]
[BlackElo "2146"]
[PlyCount "81"]
[EventDate "2009.01.11"]
[EventType "team-tourn"]
[EventRounds "10"]
[EventCountry "POL"]
[SourceTitle "EXT 2013"]
[Source "ChessBase"]
[SourceDate "2012.11.22"]
[SourceVersion "1"]
[SourceVersionDate "2012.11.22"]
[SourceQuality "1"]

1. e4 c6 2. d4 d5 3. e5 Bf5 4. Nd2 Nd7 5. Nb3 e6 6. Be3 f6 7. f4 Ne7 8. Be2 Qc7 9. Rc1 0-0-0 10. Nf3 Nb6 11. Nfd2 Be4 12. 0-0 Nf5 13. Bf2 g5 14. fxg5 fxe5 15. dxe5 Qxe5 16. Nf3 Bxf3 17. Bxf3 Bd6 18. g3 Ne3 19. Bxe3 Qxe3+ 20. Kh1 e5 21. Qd2 Nc4 22. Qxe3 Nxe3 23. Rfe1 Nc4 24. Be2 Nxb2 25. Rb1 Na4 26. c4 Rhf8 27. cxd5 cxd5 28. Red1 Bc7 29. Rbc1 Kb8 30. Bb5 Nb6 31. Nc5 Rd6 32. a4 Rf7 33. a5 Na8 34. a6 bxa6 35. Nxa6+ Kb7 36. Nb4 d4 37. Bc6+ Rxc6 38. Nxc6 Nb6 39. Rd2 Nd5 40. Rb2+ Bb6 41. Nd8+ 1-0

[Event "Mazowiec-chT"]
[Site "Mazowsze"]
[Date "2009.04.20"]
[Round "8"]
[White "Smoczynski, Marcin"]
[Black "Szukalski, Antoni"]
[Result "1-0"]
[WhiteElo "2146"]
[BlackElo "1914"]
[PlyCount "81"]
[EventDate "2009.01.11"]
[EventType "team-tourn"]
[EventRounds "10"]
[EventCountry "POL"]
[SourceTitle "EXT 2013"]
[Source "ChessBase"]
[SourceDate "2012.11.22"]
[SourceVersion "1"]
[SourceVersionDate "2012.11.22"]
[SourceQuality "1"]

1. e4 e5 2. Nf3 Nc6 3. Bb5 a6 4. Bxc6 dxc6 5. 0-0 Bd6 6. d4 Bg4 7. c3 h6 8. Be3 Nf6 9. Nbd2 0-0 10. dxe5 Bxe5 11. Qb3 Qe7 12. Nxe5 Qxe5 13. f3 Be6 14. Qxb7 Rfb8 15. Qxc6 Bd7 16. Qc5 Qxc5 17. Bxc5 Rxb2 18. Be3 Be6 19. a4 Rd8 20. Rfd1 Rd3 21. Nf1 Rxd1 22. Rxd1 Ra2 23. Bf4 c5 24. Bd6 Nd7 25. Ne3 Rxa4 26. Rd2 Ra1+ 27. Kf2 a5 28. f4 a4 29. c4 f6 30. Bc7 Nf8 31. Rd8 Kf7 32. Bd6 Nd7 33. f5 a3 34. fxe6+ Kxe6 35. Nf5 a2 36. Re8+ Kf7 37. Ra8 g6 38. Nxh6+ Kg7 39. Ng4 Nb6 40. Ra7+ Kg8 41. Nxf6+ 1-0

[Event "Mazowiec-chT"]
[Site "Mazowsze"]
[Date "2009.01.25"]
[Round "2"]
[White "Smoczynski, Marcin"]
[Black "Paziewski, Marcin"]
[Result "1/2-1/2"]
[WhiteElo "2146"]
[BlackElo "1831"]
[PlyCount "55"]
[EventDate "2009.01.11"]
[EventType "team-tourn"]
[EventRounds "10"]
[EventCountry "POL"]
[SourceTitle "EXT 2013"]
[Source "ChessBase"]
[SourceDate "2012.11.22"]
[SourceVersion "1"]
[SourceVersionDate "2012.11.22"]
[SourceQuality "1"]

1. c4 Nf6 2. Nc3 e6 3. g3 d5 4. cxd5 exd5 5. Bg2 c6 6. Qc2 Be7 7. d4 0-0 8. Nf3 Re8 9. 0-0 Nbd7 10. Bf4 Nf8 11. Ne5 Ng6 12. Nxg6 hxg6 13. Qb3 Bd6 14. Bg5 Qb6 15. Qxb6 axb6 16. a3 Bf5 17. Bxf6 gxf6 18. Rfe1 Bc2 19. Rac1 Bb3 20. e4 dxe4 21. Nxe4 Be7 22. Re3 Bd5 23. Rce1 Kf8 24. Nc3 Bxg2 25. Kxg2 f5 26. d5 Bf6 27. dxc6 bxc6 28. Rxe8+ 1/2-1/2

[Event "Mazowiec-chT 0708"]
[Site "Poland"]
[Date "2007.11.18"]
[Round "3"]
[White "Nguyen, Piotr"]
[Black "Smoczynski, Marcin"]
[Result "1-0"]
[WhiteElo "2257"]
[BlackElo "2200"]
[PlyCount "49"]
[EventDate "2007.10.14"]
[EventType "tourn"]
[EventRounds "10"]
[EventCountry "POL"]
[SourceTitle "EXT 2010"]
[Source "ChessBase"]
[SourceDate "2010.11.25"]
[SourceVersion "1"]
[SourceVersionDate "2010.11.25"]
[SourceQuality "1"]

1. e4 c5 2. f4 d6 3. Nf3 Nf6 4. c3 e6 5. Bd3 Be7 6. 0-0 Nc6 7. a3 a6 8. Bc2 c4 9. a4 b6 10. Na3 Na5 11. d4 Bb7 12. e5 Nd5 13. exd6 Bxd6 14. Ne5 Qc7 15. Qe2 Bxe5 16. fxe5 0-0-0 17. Bd2 g5 18. Bxg5 Rdg8 19. Bd2 h5 20. Rf2 h4 21. Raf1 Rg7 22. Be4 Rhg8 23. Bh6 Rg4 24. Rxf7 Qc6 25. Rf8+ 1-0

[Event "Agape"]
[Site "Agape"]
[Date "2006.11.18"]
[Round "2"]
[White "Smoczynski, Marcin"]
[Black "Mokrzanowski, Andrzej"]
[Result "1/2-1/2"]
[WhiteElo "2205"]
[BlackElo "2154"]
[PlyCount "50"]
[EventDate "2006.11.11"]
[EventType "tourn"]
[EventRounds "11"]
[EventCountry "POL"]
[SourceTitle "EXT 2011"]
[Source "ChessBase"]
[SourceDate "2010.11.26"]
[SourceVersion "1"]
[SourceVersionDate "2010.11.26"]
[SourceQuality "1"]

1. c4 c5 2. Nc3 Nf6 3. g3 d5 4. cxd5 Nxd5 5. Bg2 Nxc3 6. bxc3 g6 7. Rb1 Qc7 8. Qb3 Nd7 9. d4 Bg7 10. Nf3 0-0 11. 0-0 Qa5 12. Bf4 Nb6 13. Bc7 Be6 14. Bxb6 axb6 15. Qxb6 cxd4 16. cxd4 Bd5 17. e3 Qxa2 18. Qc7 Bf6 19. Ne5 Bxg2 20. Kxg2 Qd5+ 21. Kg1 Rfd8 22. Rxb7 Rac8 23. Qb6 Bxe5 24. dxe5 Qxe5 25. Qa7 Kf8 1/2-1/2